Best friends forever! : (Record no. 2229)

MARC details
000 -LEADER
fixed length control field 02023cam a2200421 i 4500
001 - CONTROL NUMBER
control field 2229
003 - CONTROL NUMBER IDENTIFIER
control field FISKH
005 - DATE AND TIME OF LATEST TRANSACTION
control field 20231113102140.0
008 - FIXED-LENGTH DATA ELEMENTS--GENERAL INFORMATION
fixed length control field 130503s2013 dcua j b 001 0 eng
010 ## - LIBRARY OF CONGRESS CONTROL NUMBER
LC control number 2013004773
020 ## - INTERNATIONAL STANDARD BOOK NUMBER
International Standard Book Number 9781426309540 (reinforced library binding)
020 ## - INTERNATIONAL STANDARD BOOK NUMBER
International Standard Book Number 9781426309359 (pbk.)
020 ## - INTERNATIONAL STANDARD BOOK NUMBER
International Standard Book Number 9780545529877
040 ## - CATALOGING SOURCE
Original cataloging agency DLC
Language of cataloging eng
Transcribing agency DLC
Description conventions rda
Modifying agency DLC
042 ## - AUTHENTICATION CODE
Authentication code pcc
050 00 - LIBRARY OF CONGRESS CALL NUMBER
Classification number QL85
Item number .S525 2013
082 00 - DEWEY DECIMAL CLASSIFICATION NUMBER
Classification number 591.5
Edition number 23
084 ## - OTHER CLASSIFICATION NUMBER
Classification number JNF047000
-- JNF002000
-- JNF003000
Number source bisacsh
100 1# - MAIN ENTRY--PERSONAL NAME
Personal name Shields, Amy.
245 10 - TITLE STATEMENT
Title Best friends forever! :
Remainder of title and more true stories of animal friendships /
Statement of responsibility, etc. by Amy Shields.
260 ## - PUBLICATION, DISTRIBUTION, ETC.
Place of publication, distribution, etc. New York :
Name of publisher, distributor, etc. Scholastic,
Date of publication, distribution, etc. 2013.
300 ## - PHYSICAL DESCRIPTION
Extent 111 pages :
Other physical details color illustrations ;
Dimensions 20 cm
336 ## - CONTENT TYPE
Content type term text
Source rdacontent
337 ## - MEDIA TYPE
Media type term unmediated
Source rdamedia
338 ## - CARRIER TYPE
Carrier type term volume
Source rdacarrier
490 0# - SERIES STATEMENT
Series statement National geographic kids. Chapters
505 ## - FORMATTED CONTENTS NOTE
Formatted contents note P<br/>
520 ## - SUMMARY, ETC.
Summary, etc. This is the first in a line of four books within the National Geographic Kids Chapters series that explore unexpected animal bonds. In this book you'll meet four unlikely pairings, including Billy and Lilly. Billy the boxer adopted Lilly the goat when she was abandoned by her mother. Billy and Lilly are rarely apart since Billy has taken on the role of Lilly's protector, caretaker, and constant companion. This and the other stories in this book will enchant readers and empower them to devour the more text-heavy "grown up" style of the book, while still keeping the story easily digestible for a hesitant reader.
521 2# - TARGET AUDIENCE NOTE
Target audience note 620<br/>
Source Lexile <br/>
521 2# - TARGET AUDIENCE NOTE
Target audience note P<br/>
Source Raz-Plus<br/>
650 #0 - SUBJECT ADDED ENTRY--TOPICAL TERM
Topical term or geographic name entry element Human-animal relationships
Form subdivision Juvenile literature.
650 #7 - SUBJECT ADDED ENTRY--TOPICAL TERM
Topical term or geographic name entry element JUVENILE NONFICTION / Readers / Chapter Books.
Source of heading or term bisacsh
650 #7 - SUBJECT ADDED ENTRY--TOPICAL TERM
Topical term or geographic name entry element JUVENILE NONFICTION / Adventure & Adventurers.
Source of heading or term bisacsh
650 #7 - SUBJECT ADDED ENTRY--TOPICAL TERM
Topical term or geographic name entry element JUVENILE NONFICTION / Animals / General.
Source of heading or term bisacsh
856 42 - ELECTRONIC LOCATION AND ACCESS
Materials specified Cover image
Uniform Resource Identifier <a href="9781426309359.jpg">9781426309359.jpg</a>
906 ## - LOCAL DATA ELEMENT F, LDF (RLIN)
a 7
b cbc
c orignew
d 1
e ecip
f 20
g y-gencatlg
942 ## - ADDED ENTRY ELEMENTS (KOHA)
Source of classification or shelving scheme Dewey Decimal Classification
Koha item type Books
Suppress in OPAC No
Holdings
Withdrawn status Lost status Source of classification or shelving scheme Damaged status Not for loan Collection Home library Current library Shelving location Date acquired Total Checkouts Full call number Barcode Date last seen Price effective from Koha item type
    Dewey Decimal Classification     Non-Fiction Footprints International School Library Network Toul Kork Campus Footprints International School Library Network Toul Kork Campus TK Primary Library Room(4th Floor), Bookcase 3&4, Shelves 17-32, Yellow Books 11/13/2023   SHI 591.5 QL85.S525 FISTK00190 11/13/2023 11/13/2023 Books